| 000 | 01161nam a22002177a 4500 | ||
|---|---|---|---|
| 003 | AM-YeHGA | ||
| 005 | 20250617153916.0 | ||
| 008 | 180301s xxu||||| |||| 00| 0 rus d | ||
| 040 | _aAM-YeHGA | ||
| 041 | 1 |
_arus _heng |
|
| 245 |
_aТаблицы для вычисления функций Матье = _bTables relating to Mathieu functions : Собственные значения, коэффициенты и множители связи / _cОбработка таблиц и пер. текста с англ. Р.Д. Ведешкиной, А.П. Черенкова; [Введ. Г. Бланш, с. IX-XXXIX] |
||
| 246 | 3 | 1 |
_aTables relating to Mathieu functions : _bCharacteristic Values, Coefficients, and Joining Factors |
| 260 |
_aМосква : _bВычислит. центр АН СССР, _c1967 |
||
| 300 |
_aXLIV, 279 с. : _bграф. |
||
| 440 | 0 |
_aБиблиотека математических таблиц _vВып. 42 |
|
| 653 | 0 | _aФункции Матье - Таблицы | |
| 700 | 1 |
_aВедешкин, Р.Д. _eпер. _4trl |
|
| 700 | 1 |
_aЧеренков, А.П. _eпер. _4trl |
|
| 942 |
_2udc _cBK |
||
| 090 | _c402663 | ||
| 999 |
_c400466 _d400466 |
||